LEADER 01659nam a2200313 i 4500 001 000000226987 003 CaOOAMICUS 005 20140211000000.0 008 140211s1985 it u000 u ita u 013 $a205889 020 $a88-01-12778-2 040 $aSeMil$bita 100 1 $aWeidinger, Gertrud.$0(OLS)http://semarc/name/54785 240 10$aGesten, Zeichen un Symbole im Gottesdienst.$0(OLS)http://semarc/title/324960 245 10$aGesti, segni e simboli nella liturgia :$bguida per la formazione liturgica dei fanciulli e ragazzi, e specialmente dei ministranti /$cGertrud Weidinger, Norbert Weidinger. 260 $aLeumann (Torino) :$bElle Di Ci,$c1985. 300 $a175 p. ;$c21 cm. 490 0 $aFormazione degli animatori della celebrazione ;$vSerie2./2 650 4$aLiturgia - Celebrazione.$0(OLS)http://semarc/subject/12890 650 4$aLiturgia - Introduzioni.$0(OLS)http://semarc/subject/336 650 4$aLiturgia - Aspetto simbolico.$0(OLS)http://semarc/subject/17174 700 1 $aWeidinger, Norbert.$0(OLS)http://semarc/name/54786 830 0$aFormazione degli animatori della celebrazione ;$vSerie2./2.$0(OLS)http://semarc/title/16681 850 $aSeMil 852 $aSeMil$W1$xVenegono$y1$m3K VI 346$j177333$B177333$CSeMilBibl$Z2$F189578 $81 961 $aOmaggio: Ferrario mons. Emilio 996 $6020$a88-01-12778-2$9(OLS)http://semarc/number/121064 996 $6245$aGesti, segni e simboli nella liturgia :$bguida per la formazione liturgica dei fanciulli e ragazzi, e specialmente dei ministranti$9(OLS)http://semarc/title/324959 996 $6260$aLeumann (Torino) :$bElle Di Ci$9(OLS)http://semarc/publisher/29809 LEADER 01003nam a2200241 i 4500 001 000000042432 003 CaOOAMICUS 005 20130130000000.0 008 130130s1976 it u000 u ita u 013 $a13602 040 $aSeMil$bita 100 1 $aLorenzi, Alberto.$0(OLS)http://semarc/name/21008 245 10$a"On gran Milan" :$balbum di famiglia di una cittą (1870-1915) /$cAlberto Lorenzi. 260 $aTorino :$bMarietti,$c1976. 300 $a125 p. :$bill. ;$c35 cm. 650 4$aMilano - Storia.$0(OLS)http://semarc/subject/766 650 4$aMilano - Fotografie.$0(OLS)http://semarc/subject/4415 650 4$aMilano - Usi e costumi.$0(OLS)http://semarc/subject/9041 850 $aSeMil 852 $aSeMil$W1$xVenegono$y1$m3O VI 171$j8587$B8587$CSeMilBibl$Z2$F8587 $81 961 $aOmaggio: Deposito 996 $6245$a"On gran Milan" :$balbum di famiglia di una cittą (1870-1915)$9(OLS)http://semarc/title/61885 996 $6260$aTorino :$bMarietti$9(OLS)http://semarc/publisher/29916